000 00583nam a2200229Ia 4500
003 OSt
005 20221005114021.0
006 a|||||r|||| 00| 0
007 ta
008 221004b |||||||| |||| 00| 0 mal d
024 _a59211
037 _cTextual
040 _aCRL
_cCRL
_bmal
041 _2mal
_amal
082 _aY1:1.73, 32J7
100 _aSmith Bradford Au.
_9625326
245 0 _aAmerican jeevitavum samskaravum
260 _c1962
650 _aSOCIOLOGY
942 _hY1:1.73, 32J7
_cTEXL
_2cc
999 _c1030022
_d1030022